[Event "España ch Sub-16 2008"]
[Site "Padron ESP"]
[Date "2008.07.22"]
[Round "5.25"]
[White "Vila Gonzalez, Daniel"]
[Black "Eguia Cambero, Ignacio"]
[Result "1/2-1/2"]
[PlyCount "84"]
[EventDate "2008.07.20"]
[EventType "swiss"]
[EventRounds "9"]
[EventCountry "ESP"]
[Source "lmi"]
[SourceDate "2008.07.20"]
[WhiteElo "2039"]
[BlackElo "1915"]

1. e4 c5 2. Nf3 Nc6 3. d4 cxd4 4. Nxd4 g6 5. Nc3 Bg7 6. Nb3 Nf6 7. g4 h6 8. Be2
d6 9. Be3 Bd7 10. f3 Ne5 11. Nd5 Nxd5 12. exd5 g5 13. h4 gxh4 14. f4 Ng6 15. c3
Bf6 16. Qd2 Rg8 17. O-O-O Qc7 18. Bd4 Bxd4 19. Qxd4 Qb6 20. f5 Ne5 21. Rxh4
O-O-O 22. Rxh6 Qxd4 23. Rxd4 Rh8 24. Rxh8 Rxh8 25. Rf4 Rh2 26. Re4 Rh1+ 27. Kc2
Rh2 28. Kc1 Rh1+ 29. Kd2 Rh2 30. Nd4 Nc4+ 31. Kc2 Ne5 32. Kb3 Rf2 33. a4 a6 34.
Ka3 Kc7 35. b4 Kb6 36. Kb3 Kc7 37. Ka3 Kb6 38. Nb3 e6 39. fxe6 fxe6 40. Nd4
exd5 41. Re3 Bxg4 42. Kb3 Bxe2 1/2-1/2

[Event "España ch Sub-16 2008"]
[Site "Padron ESP"]
[Date "2008.07.22"]
[Round "5.26"]
[White "Montañes Arribas, Adrian"]
[Black "Porras Mateo, Alejandra"]
[Result "1-0"]
[PlyCount "49"]
[EventDate "2008.07.20"]
[EventType "swiss"]
[EventRounds "9"]
[EventCountry "ESP"]
[Source "lmi"]
[SourceDate "2008.07.20"]
[WhiteElo "2034"]
[BlackElo "1905"]

1. e4 e6 2. d4 d5 3. Nc3 Nf6 4. Bg5 Bb4 5. e5 h6 6. Bd2 Bxc3 7. bxc3 Ne4 8. Qg4
g6 9. Bd3 Nxd2 10. Kxd2 c5 11. h4 Nc6 12. Nf3 Qe7 13. Qf4 Bd7 14. Rhb1 O-O-O
15. dxc5 Rdg8 16. Nd4 g5 17. hxg5 hxg5 18. Qg3 a6 19. Nxc6 Bxc6 20. Qe3 Rh2 21.
Rb6 Kc7 22. Rab1 Rxg2 23. Rxb7+ Bxb7 24. c6 Bxc6 25. Qa7+ 1-0

[Event "España ch Sub-16 2008"]
[Site "Padron ESP"]
[Date "2008.07.22"]
[Round "5.27"]
[White "Donoso Sanchez, Alejandro"]
[Black "Jimenez Lupianez, Laura"]
[Result "1/2-1/2"]
[PlyCount "101"]
[EventDate "2008.07.20"]
[EventType "swiss"]
[EventRounds "9"]
[EventCountry "ESP"]
[Source "lmi"]
[SourceDate "2008.07.20"]
[WhiteElo "2023"]
[BlackElo "1901"]

1. e4 e5 2. Nf3 Nc6 3. Bb5 a6 4. Ba4 Nf6 5. O-O Be7 6. Re1 b5 7. Bb3 O-O 8. d4
d6 9. c3 Bg4 10. d5 Na5 11. Bc2 Qc8 12. h3 Bd7 13. Nbd2 c6 14. Nf1 cxd5 15.
exd5 Nc4 16. Ne3 Nxe3 17. fxe3 Qc5 18. Bb3 Bf5 19. Qd2 Be4 20. Rd1 h6 21. Nh2
a5 22. a4 Rfb8 23. axb5 Qxb5 24. Ba2 a4 25. Nf1 Ra5 26. c4 Qc5 27. Ng3 Bg6 28.
Qe1 Ra6 29. Qf1 Ne4 30. Nf5 Bg5 31. h4 Bxf5 32. hxg5 Bg4 33. Rd3 Nxg5 34. Ra3
Ra7 35. Bb1 Rb4 36. Rc3 Rc7 37. Bc2 Bd7 38. b3 axb3 39. Ra8+ Rc8 40. Rxc8+ Bxc8
41. Bxb3 Ne4 42. Rd3 Qb6 43. Ba2 Ba6 44. Ra3 Nc5 45. Bd2 Ra4 46. Qc1 Nd3 47.
Qc3 Rxa3 48. Qxa3 Qb2 49. Qxa6 Qxd2 50. Qc8+ Kh7 51. Qf5+ 1/2-1/2

[Event "España ch Sub-16 2008"]
[Site "Padron ESP"]
[Date "2008.07.22"]
[Round "5.28"]
[White "Bujosa Ribas, Joan"]
[Black "De La Cruz Revilla, Miguel"]
[Result "0-1"]
[PlyCount "142"]
[EventDate "2008.07.20"]
[EventType "swiss"]
[EventRounds "9"]
[EventCountry "ESP"]
[Source "lmi"]
[SourceDate "2008.07.20"]
[WhiteElo "2012"]
[BlackElo "1855"]

1. e4 c5 2. Nc3 Nc6 3. g3 g6 4. Bg2 Bg7 5. d3 d6 6. f4 e5 7. Nf3 Nge7 8. O-O
Nd4 9. Be3 Rb8 10. Qd2 exf4 11. Bxf4 O-O 12. Nd1 Ne6 13. Bh6 d5 14. Bxg7 Kxg7
15. exd5 Nxd5 16. Nc3 Nf6 17. Rae1 Nd4 18. Ne5 Bf5 19. Qf2 Qd6 20. Nc4 Qc7 21.
Ne3 h5 22. Nxf5+ Nxf5 23. Ne4 Ng4 24. Qd2 f6 25. Rxf5 gxf5 26. Ng5 Rbe8 27.
Ne6+ Rxe6 28. Rxe6 Qd7 29. Re2 Qd4+ 30. Kh1 h4 31. c3 Qd6 32. h3 Ne5 33. d4 Ng6
34. dxc5 Qxc5 35. gxh4 Nxh4 36. Qf4 Ng6 37. Qd4 Qxd4 38. cxd4 Rd8 39. Rd2 Rd7
40. Bf1 Nf4 41. Kh2 Kg6 42. Kg3 Nd5 43. Bc4 Ne3 44. Be2 b6 45. Kf3 Nd5 46. Bc4
Ne7 47. Be6 Rd6 48. d5 f4 49. Kxf4 Kg7 50. Kg4 Kh6 51. h4 Kg6 52. Kf4 Kh6 53.
Kg3 Kg6 54. Kh2 Kh6 55. Kh3 Kg6 56. Kg2 Kh6 57. Rd4 Kg6 58. Kf2 f5 59. Ke3 Kf6
60. Kd3 Ke5 61. h5 Kf6 62. Kc4 Kg5 63. Kb5 f4 64. h6 Kxh6 65. Rxf4 Nxd5 66.
Bxd5 Rxd5+ 67. Kc4 Ra5 68. Kb3 Kg5 69. Ra4 Rb5+ 70. Kc3 a5 71. a3 Kf6 0-1

[Event "España ch Sub-16 2008"]
[Site "Padron ESP"]
[Date "2008.07.22"]
[Round "5.29"]
[White "Ladron De Guevara Pinto, Paolo"]
[Black "Tejedor Ariza, Francisco"]
[Result "0-1"]
[PlyCount "100"]
[EventDate "2008.07.20"]
[EventType "swiss"]
[EventRounds "9"]
[EventCountry "ESP"]
[Source "lmi"]
[SourceDate "2008.07.20"]
[WhiteElo "1915"]
[BlackElo "2010"]

1. e4 c5 2. Nf3 e6 3. d4 cxd4 4. Nxd4 Nf6 5. Bd3 Nc6 6. Nxc6 bxc6 7. O-O d5 8.
Nd2 Be7 9. b3 a5 10. Qe2 Qb6 11. e5 Nd7 12. Bb2 a4 13. Qg4 g6 14. Rae1 axb3 15.
axb3 Ra2 16. Bc1 Nc5 17. Re3 Nxd3 18. cxd3 h5 19. Qd1 Bg5 20. Re2 Ra1 21. Qc2
Ba6 22. b4 Be7 23. Nb3 Ra4 24. Nd4 Rxb4 25. Nxc6 Bxd3 26. Qxd3 Qxc6 27. Ba3 Rb7
28. Bxe7 Rxe7 29. Rc2 Qb7 30. Rc3 Rc7 31. Rb3 Qc6 32. Qf3 O-O 33. g4 hxg4 34.
Qxg4 Qc4 35. Qg3 Qe2 36. Qg5 Rc4 37. Rg3 Rfc8 38. Qf6 Rg4 39. h3 Rxg3+ 40. fxg3
Qe3+ 41. Kh1 Qa7 42. Rf2 d4 43. h4 d3 44. h5 Rc1+ 45. Kh2 Qxf2+ 46. Qxf2 Rc2
47. Kg2 gxh5 48. Kf3 Rxf2+ 49. Kxf2 Kg7 50. Ke3 Kg6 0-1

[Event "España ch Sub-16 2008"]
[Site "Padron ESP"]
[Date "2008.07.22"]
[Round "5.30"]
[White "Coll Ortega, Cristina"]
[Black "Gomez Calomarde, Saul"]
[Result "0-1"]
[PlyCount "34"]
[EventDate "2008.07.20"]
[EventType "swiss"]
[EventRounds "9"]
[EventCountry "ESP"]
[Source "lmi"]
[SourceDate "2008.07.20"]
[WhiteElo "1775"]
[BlackElo "2008"]

1. e4 c5 2. Nf3 Nc6 3. Bb5 Na5 4. c3 a6 5. Ba4 b5 6. Bc2 e6 7. d4 cxd4 8. cxd4
Bb7 9. O-O Nf6 10. Re1 Be7 11. Nbd2 Rc8 12. b3 Qc7 13. Rb1 Qxc2 14. Qxc2 Rxc2
15. Bb2 O-O 16. a3 d5 17. e5 Ne4 0-1

[Event "España ch Sub-16 2008"]
[Site "Padron ESP"]
[Date "2008.07.22"]
[Round "5.31"]
[White "Lopez Quevedo, Eduardo"]
[Black "Sevilla Subiza, Javier"]
[Result "0-1"]
[PlyCount "102"]
[EventDate "2008.07.20"]
[EventType "swiss"]
[EventRounds "9"]
[EventCountry "ESP"]
[Source "lmi"]
[SourceDate "2008.07.20"]
[WhiteElo "1998"]
[BlackElo "1830"]

1. Nf3 e6 2. d4 Nf6 3. Bf4 b6 4. e3 Bb7 5. Bd3 Be7 6. Nbd2 Nh5 7. Bg3 Nxg3 8.
hxg3 h6 9. Qe2 d6 10. c3 Nc6 11. e4 e5 12. Bb5 O-O 13. Bxc6 Bxc6 14. dxe5 dxe5
15. Nxe5 Bb7 16. Qc4 Bc5 17. Nef3 a5 18. b4 Bd6 19. b5 c6 20. a4 cxb5 21. axb5
Rc8 22. Qb3 Qf6 23. Rc1 Rfe8 24. O-O Bxe4 25. Nxe4 Rxe4 26. Nd4 Bc5 27. Qd5
Rce8 28. Rcd1 R8e5 29. Qa8+ Re8 30. Qd5 R4e5 31. Qb7 Rd8 32. Nf3 Rxd1 33. Rxd1
Re2 34. Rf1 Qg6 35. Qb8+ Kh7 36. Qf4 Re4 37. Qc7 Re7 38. Qf4 Qe4 39. Qc1 Qg4
40. Qb1+ g6 41. Nd4 Qe4 42. Nb3 Bxf2+ 43. Kh1 Qxb1 44. Rxb1 Re1+ 45. Rxe1 Bxe1
46. c4 a4 47. Nc1 Bxg3 48. Kg1 Bf4 49. Na2 h5 50. Kf2 g5 51. Ke2 h4 0-1

[Event "España ch Sub-16 2008"]
[Site "Padron ESP"]
[Date "2008.07.22"]
[Round "5.32"]
[White "Gimenez Menchon, Cesar"]
[Black "Navarro Molina, David"]
[Result "1-0"]
[PlyCount "81"]
[EventDate "2008.07.20"]
[EventType "swiss"]
[EventRounds "9"]
[EventCountry "ESP"]
[Source "lmi"]
[SourceDate "2008.07.20"]
[WhiteElo "1987"]
[BlackElo "1723"]

1. d4 Nf6 2. Nf3 e6 3. Bf4 b6 4. e3 Bb7 5. Nbd2 Be7 6. h3 d6 7. Bd3 O-O 8. O-O
Nbd7 9. Nc4 Ne4 10. a4 a6 11. Nfd2 Nxd2 12. Qxd2 Bf6 13. c3 Qe7 14. Qc2 h6 15.
Rfe1 e5 16. Bg3 e4 17. Be2 Bh4 18. Bf4 f5 19. a5 b5 20. Nd2 c5 21. dxc5 dxc5
22. c4 b4 23. Nb3 Bg5 24. Bc7 f4 25. Bg4 fxe3 26. fxe3 Ne5 27. Bxe5 Qxe5 28.
Rad1 Qg3 29. Qe2 Qe5 30. Rd2 Rf6 31. Red1 Raf8 32. Rd8 Kh7 33. Rxf8 Rxf8 34.
Re1 Rd8 35. Rf1 Rd3 36. Bf5+ Kg8 37. Qh5 Bxe3+ 38. Kh1 Qe7 39. Qg6 Qf6 40. Qe8+
Qf8 41. Be6+ 1-0

[Event "España ch Sub-16 2008"]
[Site "Padron ESP"]
[Date "2008.07.22"]
[Round "5.34"]
[White "Santana Montero, Pedro Luis"]
[Black "Bascunada Gonzalez, Sergio"]
[Result "1-0"]
[WhiteElo "1969"]
[BlackElo "1645"]
[PlyCount "59"]
[EventDate "2008.07.20"]
[EventType "swiss"]
[EventRounds "9"]
[EventCountry "ESP"]
[Source "lmi"]
[SourceDate "2008.07.20"]

1. e4 e5 2. Nf3 Nf6 3. Nxe5 d6 4. Nf3 Nxe4 5. Nc3 Nxc3 6. dxc3 Be7 7. Bf4 Nc6
8. Qd2 Be6 9. Ng5 Bxg5 10. Bxg5 f6 11. Be3 a6 12. O-O-O Qd7 13. h3 O-O-O 14. g3
Ne5 15. b3 Rhe8 16. Bg2 Nc6 17. g4 Kb8 18. f4 f5 19. g5 g6 20. Rhe1 Bf7 21. Bf3
Bg8 22. Qg2 Bf7 23. Rd3 Kc8 24. Red1 Re7 25. Kb1 Qe8 26. Bf2 Be6 27. Bd4 Rf7
28. Bf6 Rxf6 29. gxf6 Bd7 30. Bd5 1-0

[Event "España ch Sub-16 2008"]
[Site "Padron ESP"]
[Date "2008.07.22"]
[Round "5.35"]
[White "Castillo Sanjuan, Alejandro"]
[Black "Marcos Pinto, Luis"]
[Result "0-1"]
[WhiteElo "1915"]
[BlackElo "2115"]
[PlyCount "88"]
[EventDate "2008.07.20"]
[EventType "swiss"]
[EventRounds "9"]
[EventCountry "ESP"]
[Source "lmi"]
[SourceDate "2008.07.20"]

1. d4 Nf6 2. Nf3 g6 3. c4 Bg7 4. Nc3 d5 5. Bf4 O-O 6. e3 Bg4 7. h3 Bxf3 8. Qxf3
c6 9. Bd3 Re8 10. O-O dxc4 11. Bxc4 Nbd7 12. Rfd1 Qa5 13. d5 Rac8 14. Rac1 Nb6
15. dxc6 bxc6 16. Qe2 e5 17. Bh2 Rcd8 18. Bb3 Nfd5 19. Ne4 Qb4 20. Nc5 Rc8 21.
Qd2 Qh4 22. Bg3 Qe7 23. e4 Nc7 24. Qd6 Qxd6 25. Rxd6 Nb5 26. Rd3 Nd4 27. Kf1
Bf8 28. Bc4 Bxc5 29. Bxf7+ Kxf7 30. Rxc5 Nd7 31. Ra5 a6 32. f4 c5 33. Rxa6 exf4
34. Bxf4 Rxe4 35. Bd2 Ne5 36. Rda3 Nc4 37. Ra7+ Kg8 38. Rd3 Nxb2 39. Rc3 Rf8+
40. Kg1 Ne2+ 41. Kh2 Nxc3 42. Bxc3 Rf2 43. Rg7+ Kf8 44. Rxh7 Ree2 0-1

[Event "España ch Sub-16 2008"]
[Site "Padron ESP"]
[Date "2008.07.22"]
[Round "5.36"]
[White "Castellanos Mendoza, David"]
[Black "Iglesias Gascon, David"]
[Result "0-1"]
[WhiteElo "2073"]
[BlackElo "1904"]
[PlyCount "40"]
[EventDate "2008.07.20"]
[EventType "swiss"]
[EventRounds "9"]
[EventCountry "ESP"]
[Source "lmi"]
[SourceDate "2008.07.20"]

1. e4 e6 2. d4 d5 3. Nc3 Nf6 4. e5 Nfd7 5. f4 c5 6. Nf3 Nc6 7. Be3 Be7 8. Qd2
O-O 9. O-O-O c4 10. g4 b5 11. Nxb5 Rb8 12. Nd6 Bxd6 13. exd6 Nb4 14. Kb1 Nf6
15. c3 Ne4 16. Qc1 Nxa2 17. Kxa2 Qa5+ 18. Kb1 Nxc3+ 19. Kc2 Bd7 20. Qa1 Ba4+
0-1

[Event "España ch Sub-16 2008"]
[Site "Padron ESP"]
[Date "2008.07.22"]
[Round "5.37"]
[White "Marrero Falcon, Hector"]
[Black "Diez Viera, Oscar"]
[Result "1-0"]
[WhiteElo "2044"]
[BlackElo "1882"]
[PlyCount "187"]
[EventDate "2008.07.20"]
[EventType "swiss"]
[EventRounds "9"]
[EventCountry "ESP"]
[Source "lmi"]
[SourceDate "2008.07.20"]

1. e4 c5 2. Nf3 Nc6 3. Bb5 Nd4 4. Nxd4 cxd4 5. O-O a6 6. Be2 e5 7. d3 Nf6 8. f4
exf4 9. Bxf4 Qb6 10. Nd2 Be7 11. Nb3 O-O 12. Be5 d5 13. Bxd4 Qc7 14. exd5 Nxd5
15. Bf3 Nb4 16. Bc3 Be6 17. Qd2 Nd5 18. Bxd5 Bxd5 19. Qf2 Bd6 20. h3 Bc6 21.
Bd4 Bg3 22. Qd2 h6 23. Bf2 Bh2+ 24. Kh1 Be5 25. d4 Bf4 26. Be3 Bg3 27. Bf4 Bxf4
28. Rxf4 Rac8 29. c3 Bd5 30. Nc5 Rfe8 31. Nd3 Re7 32. Rf2 Rce8 33. Nf4 Qd7 34.
Nxd5 Qxd5 35. a3 Re3 36. Kg1 Qc4 37. Raf1 Re2 38. Qf4 Rxf2 39. Rxf2 Qe6 40. Qf3
Qe1+ 41. Kh2 Qe7 42. Qg3 Qe6 43. Rd2 Rd8 44. Qf3 Qd6+ 45. Qg3 Qe6 46. Qf4 Qe7
47. Rf2 Qe6 48. Rf3 Qd6 49. Qxd6 Rxd6 50. Kg3 Kf8 51. Kf4 Ke7 52. Re3+ Kd7 53.
Kf3 Rf6+ 54. Ke2 Rg6 55. g3 Rf6 56. c4 b6 57. b4 Rc6 58. Kd3 Rf6 59. c5 Kc6 60.
a4 Rf1 61. Ke4 bxc5 62. bxc5 Ra1 63. Rb3 Rxa4 64. Rb6+ Kc7 65. Kd5 Ra3 66. Rc6+
Kd7 67. Rd6+ Kc7 68. Rc6+ Kd7 69. Rb6 Kc7 70. g4 Ra4 71. Ke5 Ra5 72. Rd6 Ra3
73. h4 Re3+ 74. Kd5 Ra3 75. Rb6 Ra4 76. g5 hxg5 77. hxg5 Ra1 78. g6 fxg6 79.
Rxg6 Rh1 80. Rxg7+ Kc8 81. Ra7 Rh5+ 82. Kc4 Rh6 83. Rg7 Rf6 84. Kd5 Rf5+ 85.
Ke6 Rf1 86. c6 Rh1 87. Ra7 Rh6+ 88. Kd5 Rh5+ 89. Kd6 Rh6+ 90. Kc5 Kb8 91. Rxa6
Kc7 92. Ra7+ Kc8 93. d5 Rh5 94. Kb6 1-0

[Event "España ch Sub-16 2008"]
[Site "Padron ESP"]
[Date "2008.07.22"]
[Round "5.38"]
[White "Suarez Calvo, Alexandra"]
[Black "Sacristan Latorre, Alberto"]
[Result "1-0"]
[WhiteElo "2037"]
[BlackElo "1870"]
[PlyCount "63"]
[EventDate "2008.07.20"]
[EventType "swiss"]
[EventRounds "9"]
[EventCountry "ESP"]
[Source "lmi"]
[SourceDate "2008.07.20"]

1. e4 c5 2. Nf3 d6 3. d4 cxd4 4. Nxd4 Nf6 5. Nc3 a6 6. Be2 e6 7. Be3 Be7 8. f4
Qc7 9. O-O b5 10. a3 Bb7 11. Bf3 Nbd7 12. Nb3 O-O 13. g4 Nc5 14. Nd2 Rfe8 15.
Bg2 d5 16. e5 Nfe4 17. Ndxe4 Nxe4 18. Nxe4 dxe4 19. Qe2 Rac8 20. Rac1 Bd5 21.
Rfe1 Qb7 22. Bd4 Rc4 23. c3 Bh4 24. Bf2 Bxf2+ 25. Qxf2 e3 26. Rxe3 Bxg2 27.
Qxg2 Qxg2+ 28. Kxg2 Rxf4 29. Kg3 Rc4 30. Rd1 Rc6 31. Red3 Rec8 32. Rd8+ 1-0

[Event "España ch Sub-16 2008"]
[Site "Padron ESP"]
[Date "2008.07.22"]
[Round "5.39"]
[White "Pozueta Alegria, Adrian"]
[Black "Perez Castellano, Susana"]
[Result "0-1"]
[WhiteElo "2016"]
[BlackElo "1857"]
[PlyCount "66"]
[EventDate "2008.07.20"]
[EventType "swiss"]
[EventRounds "9"]
[EventCountry "ESP"]
[Source "lmi"]
[SourceDate "2008.07.20"]

1. e4 e5 2. Nf3 Nc6 3. d4 exd4 4. Bc4 Bc5 5. c3 Nf6 6. e5 d5 7. Bb5 Ne4 8. cxd4
Bb4+ 9. Bd2 Nxd2 10. Nbxd2 Bd7 11. O-O O-O 12. Bxc6 Bxc6 13. Qe2 Bd7 14. Rac1
c6 15. Ne1 Qa5 16. Nb3 Qxa2 17. Qc2 Qa4 18. f4 g6 19. f5 Qb5 20. Nd3 b6 21. e6
fxe6 22. fxg6 h6 23. Ne5 Be8 24. Rxf8+ Bxf8 25. Nxc6 Bxc6 26. Qxc6 Qxb3 27.
Qxe6+ Kh8 28. Rc7 Qd1+ 29. Kf2 Qxd4+ 30. Kg3 Qd3+ 31. Kf2 Qd2+ 32. Kg1 Qd4+ 33.
Kf1 Qf4+ 0-1

[Event "España ch Sub-16 2008"]
[Site "Padron ESP"]
[Date "2008.07.22"]
[Round "5.40"]
[White "Perez Cuadrado Robles, Alejandro"]
[Black "Arregui Untoria, Carlos"]
[Result "1-0"]
[WhiteElo "1885"]
[BlackElo "2012"]
[PlyCount "139"]
[EventDate "2008.07.20"]
[EventType "swiss"]
[EventRounds "9"]
[EventCountry "ESP"]
[Source "lmi"]
[SourceDate "2008.07.20"]

1. e4 c5 2. Nf3 d6 3. d4 Nf6 4. Nc3 cxd4 5. Nxd4 a6 6. Be3 e5 7. Nb3 Be6 8. Nd5
Bxd5 9. exd5 Nbd7 10. Be2 Qc7 11. O-O g6 12. Qd2 Bg7 13. c4 b6 14. Rac1 O-O 15.
Qc2 Ne8 16. f4 f5 17. fxe5 dxe5 18. Qd3 e4 19. Qd2 Nc5 20. Nxc5 bxc5 21. b4
cxb4 22. c5 Bc3 23. Rxc3 bxc3 24. Qxc3 Nd6 25. Qe5 Nb5 26. Qxc7 Nxc7 27. d6 Nb5
28. a4 Na7 29. Bxa6 Rfd8 30. Bb7 Rab8 31. c6 Nxc6 32. Bxc6 Rxd6 33. Bf4 Rxc6
34. Bxb8 Ra6 35. Ra1 g5 36. a5 Kf7 37. Bc7 Ke6 38. Bb6 f4 39. Rc1 Ra8 40. Rc7
g4 41. Rxh7 e3 42. Bc7 f3 43. gxf3 gxf3 44. Rh3 Rc8 45. Rxf3 Rxc7 46. Rxe3+ Kf5
47. Ra3 Rg7+ 48. Kf2 Rh7 49. h3 Ke5 50. a6 Rf7+ 51. Ke2 Ra7 52. Ra4 Kd5 53. Kf3
Kc5 54. h4 Kb6 55. h5 Rf7+ 56. Kg4 Ka7 57. h6 Rf1 58. Kg5 Rg1+ 59. Rg4 Rh1 60.
Kg6 Rc1 61. Rf4 Rg1+ 62. Kf7 Rh1 63. Rf6 Rh2 64. Kg7 Rg2+ 65. Rg6 Rc2 66. h7
Rc7+ 67. Kh6 Rc8 68. Rg7+ Kxa6 69. Rg8 Rc6+ 70. Rg6 1-0

[Event "España ch Sub-16 2008"]
[Site "Padron ESP"]
[Date "2008.07.22"]
[Round "5.41"]
[White "Gomez Dominguez, Xavier"]
[Black "Pardo Simon, Leticia"]
[Result "0-1"]
[WhiteElo "1977"]
[BlackElo "1809"]
[PlyCount "88"]
[EventDate "2008.07.20"]
[EventType "swiss"]
[EventRounds "9"]
[EventCountry "ESP"]
[Source "lmi"]
[SourceDate "2008.07.20"]

1. Nf3 Nf6 2. g3 b6 3. Bg2 Bb7 4. d3 e6 5. e4 d6 6. O-O Be7 7. c3 c5 8. h3 O-O
9. Be3 Nbd7 10. Nh2 Qc7 11. Nd2 Rac8 12. f4 Ne8 13. f5 d5 14. g4 Nd6 15. Bf4 e5
16. Bg3 d4 17. c4 f6 18. Ndf3 Nf7 19. h4 Qd8 20. Qc1 Re8 21. Be1 Nf8 22. Bd2
Nd7 23. g5 Nd6 24. Ng4 Kf7 25. h5 Rg8 26. gxf6 Bxf6 27. Bg5 Ke8 28. h6 Bxg5 29.
Nxg5 gxh6 30. Ne6 Qh4 31. Nxh6 Rg3 32. Qd2 Re3 33. Ng7+ Kf8 34. Ne6+ Ke7 35.
Rf3 Qxh6 36. Rg3 Ne8 37. Rf1 Ndf6 38. Rff3 Qh4 39. Qf2 Ng4 40. Rxg4 Qxg4 41.
Rxe3 dxe3 42. Qxe3 Nf6 43. Qh6 Qd1+ 44. Bf1 Rg8+ 0-1

[Event "España ch Sub-16 2008"]
[Site "Padron ESP"]
[Date "2008.07.22"]
[Round "5.42"]
[White "Silva Rodriguez, Julio"]
[Black "Jimenez Fernandez, Alejandro"]
[Result "1/2-1/2"]
[WhiteElo "1837"]
[BlackElo "1971"]
[PlyCount "134"]
[EventDate "2008.07.20"]
[EventType "swiss"]
[EventRounds "9"]
[EventCountry "ESP"]
[Source "lmi"]
[SourceDate "2008.07.20"]

1. e4 c6 2. Nf3 d5 3. exd5 cxd5 4. Ne5 Nc6 5. d4 Nf6 6. Bb5 Bd7 7. Nxd7 Nxd7 8.
c3 Qc7 9. O-O e6 10. Nd2 Bd6 11. Nf3 O-O 12. Re1 a6 13. Bd3 h6 14. h3 b5 15. a3
Rfc8 16. Be3 Na5 17. Qc2 Nc4 18. Bc1 Rab8 19. b4 Ndb6 20. Bxc4 Qxc4 21. Bd2 Na4
22. Rac1 Rb7 23. Ne5 Bxe5 24. Rxe5 Rbc7 25. Qb1 Qc6 26. Qb3 Qd7 27. f4 Rc4 28.
g3 Qc6 29. Re3 Nb6 30. Rf1 Nd7 31. Rff3 Nf6 32. Kg2 Ne4 33. Be1 Ra8 34. Re2 a5
35. Qb2 Qa6 36. h4 axb4 37. axb4 Qa4 38. g4 Qd1 39. Qc2 Qxc2 40. Rxc2 Rac8 41.
Ra2 Nxc3 42. Bxc3 Rxc3 43. Rxc3 Rxc3 44. Ra5 Kf8 45. Rxb5 Rd3 46. Rb8+ Ke7 47.
g5 hxg5 48. hxg5 Rxd4 49. Kf3 g6 50. b5 Rd3+ 51. Ke2 Rb3 52. b6 e5 53. fxe5 Ke6
54. b7 Kf5 55. e6 fxe6 56. Rf8+ Kxg5 57. b8=Q Rxb8 58. Rxb8 Kf4 59. Rb6 Kf5 60.
Kf3 g5 61. Rb8 g4+ 62. Kg3 e5 63. Rf8+ Ke4 64. Kxg4 d4 65. Rf3 d3 66. Rf2 Ke3
67. Rh2 d2 1/2-1/2

[Event "España ch Sub-16 2008"]
[Site "Padron ESP"]
[Date "2008.07.22"]
[Round "5.43"]
[White "Perez Gonzalez, Angela"]
[Black "Rioboo De Larriva, Alvaro"]
[Result "0-1"]
[WhiteElo "1822"]
[BlackElo "1964"]
[PlyCount "70"]
[EventDate "2008.07.20"]
[EventType "swiss"]
[EventRounds "9"]
[EventCountry "ESP"]
[Source "lmi"]
[SourceDate "2008.07.20"]

1. e4 e6 2. d4 d5 3. exd5 exd5 4. Bd3 Bd6 5. Nf3 Ne7 6. O-O O-O 7. Re1 Bf5 8.
c3 Nd7 9. Nh4 Bxd3 10. Qxd3 Nf6 11. Bg5 Ne4 12. Bxe7 Bxe7 13. Nf5 Bg5 14. Qb5
c6 15. Qxb7 Qf6 16. f3 Qxf5 17. fxe4 dxe4 18. Qxc6 Rfe8 19. c4 Bf6 20. Nd2
Bxd4+ 21. Kh1 Bxb2 22. Rab1 Bc3 23. Rxe4 Rec8 24. Rbe1 g6 25. Re8+ Rxe8 26.
Rxe8+ Rxe8 27. Qxe8+ Kg7 28. Qe4 Bxd2 29. Qxf5 gxf5 30. Kg1 Kf6 31. Kf2 Ke5 32.
Ke2 Bc3 33. Kf3 Kd4 34. Kf4 Kxc4 35. Kxf5 a5 0-1

[Event "España ch Sub-16 2008"]
[Site "Padron ESP"]
[Date "2008.07.22"]
[Round "5.44"]
[White "Alonso Caamano, Ruben"]
[Black "Aranaz Murillo, Amalia"]
[Result "1/2-1/2"]
[WhiteElo "1832"]
[BlackElo "1959"]
[PlyCount "107"]
[EventDate "2008.07.20"]
[EventType "swiss"]
[EventRounds "9"]
[EventCountry "ESP"]
[Source "lmi"]
[SourceDate "2008.07.20"]

1. Nf3 d5 2. d4 Nf6 3. g3 c5 4. Bg2 Nc6 5. O-O Bf5 6. c3 e6 7. Re1 Rc8 8. Bg5
Qb6 9. b3 cxd4 10. Bxf6 gxf6 11. Nxd4 Nxd4 12. Qxd4 Qxd4 13. cxd4 Bb4 14. Rf1
Kd7 15. a3 Ba5 16. Ra2 Rc6 17. Nd2 Bxd2 18. Rxd2 Rhc8 19. f3 Rc2 20. Rxc2 Bxc2
21. b4 Rc4 22. Rc1 Bb3 23. Rxc4 Bxc4 24. Kf2 Kc6 25. e4 Kb5 26. Ke3 Ka4 27. Kd2
Kxa3 28. Kc3 Ka4 29. f4 Kb5 30. f5 h6 31. g4 b6 32. e5 fxe5 33. dxe5 Be2 34. h3
Kc6 35. Kd2 Bc4 36. h4 Kd7 37. f6 Ke8 38. Bf3 a5 39. g5 hxg5 40. hxg5 a4 41.
Bh5 a3 42. g6 fxg6 43. Bxg6+ Kf8 44. Kc1 d4 45. Bc2 b5 46. Bd1 Bd5 47. Bc2 Bc4
48. Bd1 Bd3 49. Bb3 Kf7 50. Bd1 a2 51. Kb2 Bb1 52. Bh5+ Kf8 53. Bg4 Bf5 54. Bd1
1/2-1/2

[Event "España ch Sub-16 2008"]
[Site "Padron ESP"]
[Date "2008.07.22"]
[Round "5.45"]
[White "Lopez Garrido, Daniel"]
[Black "Lopez Garralon, Miguel"]
[Result "1/2-1/2"]
[WhiteElo "1953"]
[BlackElo "1693"]
[PlyCount "46"]
[EventDate "2008.07.20"]
[EventType "swiss"]
[EventRounds "9"]
[EventCountry "ESP"]
[Source "lmi"]
[SourceDate "2008.07.20"]

1. e4 b6 2. d4 Bb7 3. Bd3 e6 4. Nf3 g6 5. Bg5 f6 6. Be3 Ne7 7. Nc3 Bg7 8. Qd2
Nbc6 9. Ne2 O-O 10. c3 d5 11. h4 Na5 12. e5 fxe5 13. Nxe5 Bxe5 14. dxe5 Nc4 15.
Bxc4 dxc4 16. Qxd8 Raxd8 17. Bg5 Rf7 18. Nf4 Bd5 19. Rd1 Rdf8 20. Bxe7 Rxe7 21.
Nxd5 exd5 22. Rxd5 c6 23. Rd2 Rxe5+ 1/2-1/2

[Event "España ch Sub-16 2008"]
[Site "Padron ESP"]
[Date "2008.07.22"]
[Round "5.47"]
[White "Vega Sanchez, Tania"]
[Black "Gonzalez Laso, Adrian"]
[Result "0-1"]
[WhiteElo "1807"]
[BlackElo "1927"]
[PlyCount "66"]
[EventDate "2008.07.20"]
[EventType "swiss"]
[EventRounds "9"]
[EventCountry "ESP"]
[Source "lmi"]
[SourceDate "2008.07.20"]

1. e4 c5 2. Nf3 Nc6 3. d4 cxd4 4. Nxd4 Nf6 5. Nc3 e5 6. Nb3 Bb4 7. Qd3 Bxc3+ 8.
bxc3 d5 9. exd5 Qxd5 10. Qxd5 Nxd5 11. Bd2 O-O 12. Be2 Bf5 13. Rc1 Rac8 14. O-O
Rfe8 15. f3 Bg6 16. Nc5 Na5 17. Ne4 Bxe4 18. fxe4 Nf6 19. Bd3 Nc4 20. Bg5 Nd7
21. Rf3 Ndb6 22. Bxc4 Rxc4 23. Re3 Rec8 24. Rd1 f6 25. Bh4 Rxc3 26. Rxc3 Rxc3
27. Rd8+ Kf7 28. Rb8 Rc7 29. Bf2 Rxc2 30. Bxb6 axb6 31. Rxb7+ Kg6 32. Rxb6 Rxa2
33. Kf1 Ra4 0-1

[Event "España ch Sub-16 2008"]
[Site "Padron ESP"]
[Date "2008.07.22"]
[Round "5.52"]
[White "Palomo Teruel, Xavier"]
[Black "Lorenzo Serrano, Henar"]
[Result "1-0"]
[WhiteElo "1931"]
[BlackElo "1745"]
[PlyCount "29"]
[EventDate "2008.07.20"]
[EventType "swiss"]
[EventRounds "9"]
[EventCountry "ESP"]
[Source "lmi"]
[SourceDate "2008.07.20"]

1. d4 Nf6 2. c4 d5 3. Nc3 Bf5 4. Qb3 Qd6 5. cxd5 Qb6 6. Qxb6 axb6 7. f3 Na6 8.
e4 Bg6 9. Bf4 O-O-O 10. Rc1 Ne8 11. Na4 Nd6 12. Nxb6+ Kb8 13. Nc4 Nb5 14. Ne5
Nd6 15. Bxa6 1-0